Statistiche per Quiz sul Camerun

Clicka qui per fare il quiz!

Statistiche generali

  • Questo quiz è stato fatto 228 volte
  • Il punteggio medio è 11 su 16

Statistiche sulle risposte

HintRisposta% Corretto
Lingue ufficiali
Francese
95%
Paese più popoloso che confina con il CamerunNigeria
92%
Non è difficile...Nome della montagna più alta del Paese
Monte {Camerun}
90%
CapitaleYaoundè
88%
Paese che colonizzò il Camerun dal 1884-1916, chiamandolo Kamerun
Germania
86%
Golfo che bagna il Camerun
Golfo di {Guinea}
85%
Inglese
82%
Attaccante camerunese vincitore di due Champion's league con l'Inter e il Barcellona
Samuel Eto'o
71%
Anno in cui il Camerun ha vinto la medaglia d'oro nel calcio alle Olimpiadi
2000
69%
Lago grande, ma poco profondo, con cui l'estremo nord del Camerun
condivide con altri tre paesi
Lago {Ciad}
66%
Come i vicini Costa d'Avorio e Ghana, il Camerun è uno dei primi 5 produttori di questa bacca
Cacao
65%
In Camerun si trova questa specie di rana gigante, la più grande al mondo (suggerimento: un personaggio biblico che ricorda questa caratteristica)
Rana {Golia}
57%
Città più popolosa
Douala
56%
Il nome del Camerun deriva dal portoghese "Camarão", che designa questo animale
Gamberetto
41%
Presidente del Camerun, eletto 7 volte dal 1982
Paul Biya
39%
Autoproclamata repubblica al confine tra il Camerun e questo paese, che
ha dichiarato la propria indipendenza nel 2017 senza ottenere il riconoscimento internazionale
{Amba}zonia
36%

Distribuzione punteggi

Percentile per numero di risposta

Percentuale di utenti per punteggio

I tuoi punteggi nel tempo

Non hai fatto questo quiz